000 00653nam a22002057a 4500
003 OSt
008 260624b |||||||| |||| 00| 0 eng d
020 _a9789353870409
082 _a305.420954
_bB62N
100 _aBiswas, Sunanda
245 _aNutritional Level of Farm Women : A Multilayer Analysis/ by Sunanda Biswas, S.K. Acharya, Minati Sen
260 _aDelhi :
_bSatish Serial Publishing House,
_c2021.
300 _aix, 202 p.
650 _aSocial Sciences
650 _aWomen
650 _aSocial position and status of women / Women's rights (Empowerment)
700 _aAcharya, S.K.
700 _aSen, Minati
942 _2ddc
_cBK
999 _c52280
_d52280